3-Word Anime Name Matching Quiz Stats

 Plays Quiz Updated Jun 18, 2018

Challenge
Share
Tweet
Score 0/30 Timer 07:00
7 Plays Today
% Correct
Attack
91.2%
Fullmetal
90.7%
Sword
84.3%
Hunter
83.7%
One
83.4%
JoJo's
81.6%
Kill
81.5%
My
81.4%
Neon
80.6%
Akame
79%
Fate/
71.6%
Mob
67.3%
Bungo
63.6%
Little
61.3%
Yu
57.3%
% Correct
Great
47.7%
Beyond
46.4%
Shakugan
41.7%
Blood
36.2%
Terror
35.4%
Sayonara
33.1%
The
33.1%
Rage
30.3%
The
25.6%
Sunday
25%
Sweetness
23.8%
Space
23.7%
The
21%
Ultimate
20.5%
The
17.3%

You're not logged in!

Compare scores with friends on all Sporcle quizzes.
Join for Free
OR
Log In

You Might Also Like...

Show Comments

Extras

Top Quizzes Today


Score Distribution

Your Account Isn't Verified!

In order to create a playlist on Sporcle, you need to verify the email address you used during registration. Go to your Sporcle Settings to finish the process.

Report this User

Report this user for behavior that violates our Community Guidelines.

Details: